Radiokomunikačný spoj pre monitor = Wireless connection for EKG monitoring : Diplomová práca /

Salvato in:
Dettagli Bibliografici
Autore principale: Fučík, Ján (Autore)
Altri autori: Spudil, Ivan, 1939- (Relatore della tesi)
Natura: Manoscritto Libro
Pubblicazione: Bratislava : STU v Bratislave FEI, 1997
Soggetti:
Tags: Aggiungi Tag
Nessun Tag, puoi essere il primo ad aggiungerne!!

MARC

LEADER 00000ntm a22000003a 4500
001 stu9900
005 20160719164950.0
008 970626s1997----------------------------d
040 |a STU  |b slo 
041 0
100 1 |a Fučík, Ján  |4 aut 
245 1 |a Radiokomunikačný spoj pre monitor = Wireless connection for EKG monitoring :  |b Diplomová práca /  |c [aut.] Fučík,Ján; Škol. Spudil,Ivan 
260 |a Bratislava :  |b STU v Bratislave FEI,  |c 1997 
300 |a 54 s 
650 7 |a elektronika  |2 stusub 
700 1 |a Spudil, Ivan,  |d 1939-  |4 ths  |u E230  |U FEI Fakulta elektrotechniky a informatiky  |T FEI Katedra rádioelektroniky  |X 3794  |U E230  |Y 71  |7 A000003794